000 00865nab a2200253 u 4500
001 15076
003 HDC
007 cr bn ---aaaaa
008 210217c my dr|nes 0 a eng d
040 _aHDC
100 _aAzura Abas,
_eauthor
_99769
245 0 _aPlatcom's platform to boost SMEs' innovation /
_cby Azura Abas and Koi Kye Lee
260 _aKuala Lumpur :
_bNew Straits Times Press,
_c2013
336 _atext
_2rdacontent
337 _acomputer
_2rdamedia
338 _aonline resource
_2rdacarrier
650 _aOnline business
_991
650 _aSmall medium enterprise
_95098
710 _aNew Straits Times
856 _zRequest full-text at [email protected]
942 _2lcc
942 _cNEWS
942 _kNWSC 003934
999 _c12392
_d12392